[Event "Olomouc Chess Summer 2023 - A1"]
[Site "Olomouc (CZE), Hotel Flora"]
[Date "2023.08.12"]
[Round "1"]
[Board "1"]
[White "Poltorak, Sebastian"]
[Black "Natsidis, Christoph"]
[Result "1-0"]
[WhiteElo "2356"]
[BlackElo "2342"]
[PlyCount "0"]
[EventDate "2023.08.12"]
[EventRounds "9"]
[EventCountry "CZE"]

1. e4 c5 2. Nf3 e6 3. g3 Nc6 4. Bg2 Nf6 5. Qe2 d6 6. O-O Be7 7. c3 Bd7 8. d4 cxd4
9. cxd4 d5 10. exd5 exd5 11. Rd1 O-O 12. Ne5 Re8 13. Be3 Bb4 14. f4 Bf5 15. a3 Ba5
16. b4 Bb6 17. Nc3 Rc8 18. Rac1 Ne4 19. Nxe4 Bxe4 20. Bxe4 dxe4 21. Nxc6 Rxc6 22.
Rxc6 bxc6 23. Qc4 Re6 24. a4 a5 25. bxa5 Bxa5 26. f5 Rd6 27. Bf4 Rd5 28. Qxc6 Bb6
29. Kg2 e3 30. Rb1 e2 31. Qxb6 Qe8 32. Re1  1-0

[Event "Olomouc Chess Summer 2023 - A1"]
[Site "Olomouc (CZE), Hotel Flora"]
[Date "2023.08.12"]
[Round "1"]
[Board "2"]
[White "Gnojek, Petr"]
[Black "Szwed, Jacek"]
[Result "0-1"]
[WhiteElo "2353"]
[BlackElo "2358"]
[PlyCount "0"]
[EventDate "2023.08.12"]
[EventRounds "9"]
[EventCountry "CZE"]

1. d4 e6 2. c4 c5 3. d5 exd5 4. cxd5 d6 5. Nc3 g6 6. Nf3 a6 7. a4 Bg7 8. Nd2 Nd7
9. e4 Ne7 10. Nc4 Ne5 11. Bf4 Nxc4 12. Bxc4 h6 13. h4 O-O 14. Qd3 Re8 15. O-O g5
16. hxg5 Ng6 17. gxh6 Nxf4 18. Qg3 Nh5 19. Qh2 Bxc3 20. bxc3 Qg5 21. f4 Qg6 22. Rae1
Ng3 23. Rf3 Nxe4 24. Bd3 Kh8 25. Rg3 Bg4 26. Qh4 Qf6 27. Rxg4 Qxh4 28. Rxh4 Nxc3
29. Rxe8+ Rxe8 30. h7 Nxa4 31. Rh6 Nb2 32. Bc2 Nc4 33. Bd3 b5 34. Kf2 Kg7 35. Rh1
Nb6 36. Ra1 c4 37. Bc2 Nxd5 38. Rxa6 Nb4  0-1

[Event "Olomouc Chess Summer 2023 - A1"]
[Site "Olomouc (CZE), Hotel Flora"]
[Date "2023.08.12"]
[Round "1"]
[Board "3"]
[White "Sorm, Daniel"]
[Black "Frank, Adam"]
[Result "1/2-1/2"]
[WhiteElo "2295"]
[BlackElo "2344"]
[PlyCount "0"]
[EventDate "2023.08.12"]
[EventRounds "9"]
[EventCountry "CZE"]

1. d4 d5 2. c4 e6 3. Nc3 c5 4. cxd5 exd5 5. Nf3 Nf6 6. Bg5 Be6 7. e4 Be7 8. Bb5+
Nc6 9. Ne5 Rc8 10. Qa4 Nxe4 11. Nxc6 bxc6 12. Bxc6+ Bd7 13. Bxd7+ Qxd7 14. Bxe7 Kxe7
15. Qa3 Nxc3 16. bxc3 Qb5 17. Qb3 Qa6 18. O-O-O Rhd8 19. c4 cxd4 20. Rxd4 Rxc4+ 21.
Rxc4 dxc4 22. Qb4+ Qd6 23. Re1+ Kf8 24. Qxd6+ Rxd6 25. Re4 Ra6 26. Kb2 Ra4 27. Re2
f5 28. Kc3 Kf7 29. g3 g5 30. f4 gxf4 31. gxf4 Kf6 32. Rb2 Ra3+ 33. Kxc4 Ra4+ 34.
Kd3 Rxf4 35. Rb7 Ra4 36. Rxh7 Rxa2 37. Ke3 a5 38. h4 a4 39. Ra7 a3 40. Kf4 Ra1 41.
Ra6+ Kf7 42. Kg5 f4 43. Ra7+ Ke6 44. Ra6+ Ke5 45. Ra5+ Ke4 46. Ra4+ Ke3 47. Rxf4
Rg1+ 48. Kf5 a2 49. Re4+ Kf3 50. Rf4+ Kg3 51. Rg4+ Kh2 52. Ra4 a1=Q 53. Rxa1 Rxa1
54. h5 Ra6 55. Kg5 Kg3 56. h6 Ra7 57. Kg6 Kg4 58. h7 Ra6+ 59. Kg7 Ra7+ 60. Kg6 Ra6+
61. Kg7 Kg5 62. h8=Q Ra7+ 63. Kg8 Ra8+ 64. Kg7 Rxh8 65. Kxh8  1/2-1/2

[Event "Olomouc Chess Summer 2023 - A1"]
[Site "Olomouc (CZE), Hotel Flora"]
[Date "2023.08.12"]
[Round "1"]
[Board "4"]
[White "Krejci, Jan"]
[Black "Stinka, Jakub"]
[Result "1-0"]
[WhiteElo "2521"]
[BlackElo "2298"]
[PlyCount "0"]
[EventDate "2023.08.12"]
[EventRounds "9"]
[EventCountry "CZE"]

1. Nf3 Nf6 2. d4 d5 3. Bf4 e6 4. e3 Bd6 5. Nbd2 Bxf4 6. exf4 O-O 7. Bd3 c5 8. dxc5
Qc7 9. g3 Qxc5 10. O-O Bd7 11. Nb3 Qb6 12. Qe2 Nc6 13. c3 a5 14. Nbd4 a4 15. a3 Nxd4
16. Nxd4 Ne4 17. Rad1 Nd6 18. Rfe1 Ra5 19. Qc2 h6 20. Re5 Nc4 21. Re2 Rc8 22. Rde1
Rac5 23. h4 Kh8 24. Qb1 Qd8 25. Qd1 Qf6 26. h5 Nxb2 27. Rxb2 Rxc3 28. Rb4 Rxa3 29.
Bb5 Rcc3 30. Ne2 Qe7 31. Qd4 Rc2 32. Bxd7 Qxd7 33. Qa7 Rb3 34. Rxa4 Rbb2 35. Qd4
f5 36. Ra8+ Kh7 37. Qe5  1-0

[Event "Olomouc Chess Summer 2023 - A1"]
[Site "Olomouc (CZE), Hotel Flora"]
[Date "2023.08.12"]
[Round "1"]
[Board "5"]
[White "Pap, Gyula"]
[Black "Plat, Vojtech"]
[Result "1/2-1/2"]
[WhiteElo "2429"]
[BlackElo "2486"]
[PlyCount "21"]
[EventDate "2023.08.12"]
[EventRounds "9"]
[EventCountry "CZE"]

1. e4 e5 2. Nf3 Nf6 3. Nxe5 d6 4. Nd3 Nxe4 5. Qe2 Qe7 6. Nf4 c6 7. Nc3 Nxc3 8. dxc3
d5 9. Qxe7+ Bxe7 10. Be3 O-O 11. O-O-O  1/2-1/2

[Event "Olomouc Chess Summer 2023 - A1"]
[Site "Olomouc (CZE), Hotel Flora"]
[Date "2023.08.13"]
[Round "2"]
[Board "1"]
[White "Natsidis, Christoph"]
[Black "Plat, Vojtech"]
[Result "1/2-1/2"]
[WhiteElo "2342"]
[BlackElo "2486"]
[PlyCount "0"]
[EventDate "2023.08.12"]
[EventRounds "9"]
[EventCountry "CZE"]

1. d4 Nf6 2. c4 d6 3. Nf3 c6 4. g3 Bf5 5. Bg2 Nbd7 6. O-O e5 7. Nc3 h6 8. d5 cxd5
9. cxd5 Be7 10. Ne1 O-O 11. e4 Bg6 12. Nd3 Nh7 13. g4 Bg5 14. h3 a6 15. Bxg5 Qxg5
16. Ne1 Rfc8 17. Nf3 Qe7 18. Qe2 h5 19. Rfc1 hxg4 20. hxg4 Ng5 21. Qe3 Nxf3+ 22.
Bxf3 Nf6 23. Na4 Nh7 24. Nb6 Rxc1+ 25. Rxc1 Rd8 26. Kg2 Ng5 27. Rh1 Qf6 28. Kg3 Re8
29. Bg2 Nxe4+ 30. Bxe4 Qf4+ 31. Qxf4 exf4+ 32. Kxf4 Rxe4+ 33. Kg3 f5 34. gxf5 Bxf5
35. Rh4 Re2 36. Nc4 Be4 37. Nxd6 Bxd5 38. Rb4 b5 39. a4 Re6 40. Nf5 bxa4  1/2-1/2

[Event "Olomouc Chess Summer 2023 - A1"]
[Site "Olomouc (CZE), Hotel Flora"]
[Date "2023.08.13"]
[Round "2"]
[Board "2"]
[White "Stinka, Jakub"]
[Black "Pap, Gyula"]
[Result "1/2-1/2"]
[WhiteElo "2298"]
[BlackElo "2429"]
[PlyCount "0"]
[EventDate "2023.08.12"]
[EventRounds "9"]
[EventCountry "CZE"]

1. d4 d5 2. c4 e6 3. Nc3 Nf6 4. cxd5 exd5 5. Bg5 Bb4 6. e3 h6 7. Bxf6 Qxf6 8. Qb3
Qd6 9. a3 Bxc3+ 10. bxc3 O-O 11. Nf3 b6 12. c4 Be6 13. Be2 c5 14. O-O Nc6 15. dxc5
Qxc5 16. cxd5 Bxd5 17. Qb5 Qxb5 18. Bxb5 Na5  1/2-1/2

[Event "Olomouc Chess Summer 2023 - A1"]
[Site "Olomouc (CZE), Hotel Flora"]
[Date "2023.08.13"]
[Round "2"]
[Board "3"]
[White "Frank, Adam"]
[Black "Krejci, Jan"]
[Result "0-1"]
[WhiteElo "2344"]
[BlackElo "2521"]
[PlyCount "0"]
[EventDate "2023.08.12"]
[EventRounds "9"]
[EventCountry "CZE"]

1. e4 e5 2. Nf3 Nc6 3. Bb5 a6 4. Ba4 Bc5 5. c3 Nge7 6. d4 exd4 7. cxd4 Bb4+ 8. Nc3
d5 9. e5 Bg4 10. Be3 O-O 11. h3 Bxf3 12. Qxf3 f6 13. exf6 Rxf6 14. Qh5 Qe8 15. Qxe8+
Rxe8 16. O-O h6 17. g4 Re6 18. Ne2 Rf8 19. Ng3 Bd6 20. Kg2 Bf4 21. Rae1 Bxe3 22.
fxe3 Rxf1 23. Nxf1 b5 24. Bc2 Nxd4 25. Bb1 Ndc6 26. Rd1 Na5 27. b3 c5 28. Kf2 Nb7
29. Ng3 Nd6 30. e4 d4 31. b4 c4 32. Rxd4 Nc6 33. Rd5 Nxb4 34. Rc5 Nd3+ 35. Bxd3 cxd3
36. Rd5 Nxe4+ 37. Nxe4 Rxe4 38. Rxd3 Ra4 39. a3 Kf7 40. Re3 Kf6 41. Kf3 a5 42. Kg3
Rc4 43. Rf3+ Ke6 44. Rf5 Rc3+ 45. Kg2 Rb3 46. Rh5 Kd6 47. g5 hxg5 48. Rxg5 Kc6 49.
a4 bxa4 50. Rxa5 a3 51. h4 Kb6 52. Ra8 Kc5 53. h5 Kb4 54. Ra7 Kc3 55. Rxg7 a2 56.
Ra7 Kb2 57. h6 a1=Q 58. h7 Qxa7 59. h8=Q+ Rc3  0-1

[Event "Olomouc Chess Summer 2023 - A1"]
[Site "Olomouc (CZE), Hotel Flora"]
[Date "2023.08.13"]
[Round "2"]
[Board "4"]
[White "Szwed, Jacek"]
[Black "Sorm, Daniel"]
[Result "1/2-1/2"]
[WhiteElo "2358"]
[BlackElo "2295"]
[PlyCount "0"]
[EventDate "2023.08.12"]
[EventRounds "9"]
[EventCountry "CZE"]

1. e4 c6 2. d4 d5 3. Nd2 dxe4 4. Nxe4 Nf6 5. Nxf6+ exf6 6. c3 Bd6 7. Bd3 O-O 8. Ne2
Re8 9. O-O Nd7 10. Ng3 g6 11. Bh6 Nf8 12. Qd2 f5 13. Rfe1 Be6 14. Re2 a5 15. Rae1
a4 16. d5 Bd7 17. Rxe8 Bxe8 18. dxc6 Bxc6 19. Bc4 Be7 20. Qxd8 Bxd8 21. Ne2 b5 22.
Nd4 bxc4 23. Nxc6 Bf6 24. Ne7+ Kh8 25. Nd5 Nd7 26. a3 Bg7 27. Nc7 Rb8 28. Re8+ Rxe8
29. Bxg7+ Kxg7 30. Nxe8+ Kf8 31. Nd6 Nb6 32. Kf1 Ke7 33. Nb5 f4 34. Ke2 f5 35. Kf3
g5 36. h4 h6 37. hxg5 hxg5 38. Nd4 Kf6 39. Nc6 Nd7 40. Ke2 Ke6 41. Nd4+ Ke5 42. Nc6+
Ke4 43. Nd4 g4 44. Ne6 Ke5 45. Nd4 Ke4 46. Ne6 Ke5 47. Nd4 Nc5 48. Nc6+ Ke4 49. f3+
Kd5 50. Nd4 Ke5 51. Nc6+ Ke6 52. Kd2 Nd7 53. Nd4+ Kf6 54. Ke2 Nb6 55. Nc6 Nd5 56.
Nb4 Ne3 57. g3 Kg5 58. Nc6 Nd5 59. Ne5 fxg3 60. fxg4 Kf4 61. Nxc4 Kxg4 62. Ne5+ Kf4
63. Nd3+ Kg4 64. Ne5+ Kf4 65. Nd3+ Kg4 66. Ne5+  1/2-1/2

[Event "Olomouc Chess Summer 2023 - A1"]
[Site "Olomouc (CZE), Hotel Flora"]
[Date "2023.08.13"]
[Round "3"]
[Board "1"]
[White "Gnojek, Petr"]
[Black "Natsidis, Christoph"]
[Result "1/2-1/2"]
[WhiteElo "2353"]
[BlackElo "2342"]
[PlyCount "0"]
[EventDate "2023.08.12"]
[EventRounds "9"]
[EventCountry "CZE"]

1. d4 Nf6 2. c4 e6 3. Nc3 Bb4 4. Bd2 b6 5. Nf3 Bb7 6. e3 O-O 7. Bd3 c5 8. O-O cxd4
9. exd4 d5 10. cxd5 Nxd5 11. Nxd5 Bxd2 12. Nxb6 Bxf3 13. Qxf3 Qxb6 14. Be4 Nc6 15.
Bxc6 Rac8 16. d5 exd5 17. Bxd5 Qxb2 18. Rab1 Qe5  1/2-1/2

[Event "Olomouc Chess Summer 2023 - A1"]
[Site "Olomouc (CZE), Hotel Flora"]
[Date "2023.08.13"]
[Round "3"]
[Board "2"]
[White "Sorm, Daniel"]
[Black "Poltorak, Sebastian"]
[Result "1/2-1/2"]
[WhiteElo "2295"]
[BlackElo "2356"]
[PlyCount "0"]
[EventDate "2023.08.12"]
[EventRounds "9"]
[EventCountry "CZE"]

1. d4 Nf6 2. Bf4 b6 3. Nf3 Bb7 4. e3 g6 5. Bd3 d6 6. O-O Nh5 7. Bg5 h6 8. Bh4 Nd7
9. Nfd2 Ndf6 10. f4 Rg8 11. g4 g5 12. fxg5 hxg5 13. Bf2 Ng7 14. Nc3 Qd7 15. Bb5 c6
16. Be2 O-O-O 17. a4 Ne6 18. a5 b5 19. a6 Ba8 20. Bf3 Nc7 21. Nce4 Nxe4 22. Bxe4
e6 23. Bg3 d5 24. Bg2 Rg6 25. Nb3 Ne8 26. Qd3 Rh6 27. Qc3 Bd6 28. Nc5 Qc7 29. Bxd6
Nxd6 30. h3 f5 31. gxf5 exf5 32. Qe1 g4 33. Qg3 gxh3 34. Bf3 h2+ 35. Kh1 Qf7 36.
Qf4 Qg7 37. Rf2 Rg6 38. Rg2 Rg8 39. Qxd6 Rxg2 40. Qe6+ Kc7 41. Qxg8 Qxg8 42. Bxg2
Qg3 43. Rf1 Qxe3 44. Kxh2 Qh6+ 45. Kg3 Kb6 46. Rd1 Qg5+ 47. Kf2 Qh4+ 48. Kg1 f4 49.
Rd3 Qe1+ 50. Kh2 Qc1 51. b3 Qxc2 52. Kg1 Qc1+ 53. Kf2 Kc7 54. Bf3 Kd6 55. Bg4 Qc2+
56. Be2 Ke7 57. Rh3 Qb2 58. Rd3 Kf6 59. Rd1 Qc3 60. Rd3 Qc1 61. Rh3 Qa1 62. Rd3 Qh1
63. Rf3 Qh2+ 64. Kf1 b4 65. Rd3 Kg5 66. Ne6+ Kf5 67. Nc5 Qh8 68. Kg2 Qf6 69. Kf1
Kg5 70. Kg2 Qe7 71. Kf2 Kh4 72. Rf3 Qf6 73. Rd3 Kg5 74. Bf3 Qh8 75. Be2 Kh4 76. Rd1
Kg5 77. Rd3 Qh1 78. Rf3 Qa1 79. Rd3 Kh4 80. Rd1 Qb2 81. Rd3 Qc2 82. Rf3 Qd2 83. Rd3
Qc1 84. Rf3  1/2-1/2

[Event "Olomouc Chess Summer 2023 - A1"]
[Site "Olomouc (CZE), Hotel Flora"]
[Date "2023.08.13"]
[Round "3"]
[Board "3"]
[White "Krejci, Jan"]
[Black "Szwed, Jacek"]
[Result "1/2-1/2"]
[WhiteElo "2521"]
[BlackElo "2358"]
[PlyCount "0"]
[EventDate "2023.08.12"]
[EventRounds "9"]
[EventCountry "CZE"]

1. Nf3 Nf6 2. d4 e6 3. Bf4 c5 4. e3 cxd4 5. exd4 Qb6 6. Qc1 Nc6 7. c3 d5 8. Bd3 Bd7
9. Nbd2 Rc8 10. a4 Nh5 11. Be3 Qc7 12. O-O Nf4 13. Bxf4 Qxf4 14. Re1 Bd6 15. g3 Qh6
16. c4 Bb4 17. Re3 O-O 18. Qd1 Rfd8 19. c5 e5 20. Nxe5 Nxe5 21. dxe5 Bxc5 22. Re1
Bxf2+ 23. Kxf2 Qxh2+ 24. Kf3 h5 25. Re2 Bg4+ 26. Kf4 g5+ 27. Kxg5 Bxe2 28. Qxe2 Qxg3+
29. Kxh5 Re8 30. Qg4+ Qxg4+ 31. Kxg4 Rxe5 32. Kf4 Rh5 33. Nf3 Rc6 34. Kg4 Rh8 35.
a5 Kf8 36. Nd4 Rf6 37. Nf5 Rh2 38. b4 Rb2 39. Rb1 Rxb1 40. Bxb1 Rg6+ 41. Kf4 Rg2
42. b5 Rb2 43. Bd3 Ra2 44. a6 bxa6 45. bxa6 Ke8 46. Ke5 Kd7 47. Kxd5 Rd2 48. Kd4
Kc7 49. Ne7 Rxd3+  1/2-1/2

[Event "Olomouc Chess Summer 2023 - A1"]
[Site "Olomouc (CZE), Hotel Flora"]
[Date "2023.08.13"]
[Round "3"]
[Board "4"]
[White "Pap, Gyula"]
[Black "Frank, Adam"]
[Result "1/2-1/2"]
[WhiteElo "2429"]
[BlackElo "2344"]
[PlyCount "0"]
[EventDate "2023.08.12"]
[EventRounds "9"]
[EventCountry "CZE"]

1. e4 c5 2. Nf3 d6 3. Bb5+ Nd7 4. d4 cxd4 5. Qxd4 a6 6. Bxd7+ Bxd7 7. c4 Nf6 8. Nc3
g6 9. b3 Bg7 10. Bb2 O-O 11. O-O b5 12. cxb5 axb5 13. Rfe1 Bg4 14. Nd2 Nd7 15. Qb4
Ne5 16. Qxb5 Bc8 17. Nd5 e6 18. Nb4 Bd7 19. Qe2 Qb6 20. a3 Bb5 21. Nc4 Nxc4 22. bxc4
Bxc4 23. Qc2 Bxb2 24. Qxb2 d5 25. Rad1 Rfd8 26. exd5 exd5 27. Qc3 Rac8 28. Qd4 Qxd4
29. Rxd4 Ra8 30. Re3 Ra5 31. Nc6 Rb5 32. g4 Ra8 33. g5 Rb3 34. Rxb3 Bxb3 35. h4 Rxa3
36. Ne7+ Kf8 37. Nxd5 Bxd5 38. Rxd5 Ra4 39. Kg2 Rxh4 40. Kg3 Ra4 41. Rd7 Kg7 42.
Rb7 Ra5 43. Kg4 Rf5 44. f4 h6 45. gxh6+ Kxh6 46. Ra7 Kg7 47. Rb7 Ra5 48. Rc7 Ra3
49. Rb7 Kf8 50. Rb8+ Kg7 51. Rb7 Rd3 52. Ra7 Kf8 53. Rb7 f6 54. Ra7 Re3 55. Rb7 Re7
56. Rb6 Kg7 57. Kf3 Ra7 58. Rb5 Ra3+ 59. Kf2 Kh6 60. Rb6 f5 61. Rb1 Kh5 62. Rg1 Ra2+
 1/2-1/2

[Event "Olomouc Chess Summer 2023 - A1"]
[Site "Olomouc (CZE), Hotel Flora"]
[Date "2023.08.13"]
[Round "3"]
[Board "5"]
[White "Plat, Vojtech"]
[Black "Stinka, Jakub"]
[Result "1/2-1/2"]
[WhiteElo "2486"]
[BlackElo "2298"]
[PlyCount "0"]
[EventDate "2023.08.12"]
[EventRounds "9"]
[EventCountry "CZE"]

1. e4 e5 2. Nf3 Nf6 3. Nxe5 d6 4. Nf3 Nxe4 5. Bd3 Nf6 6. O-O Be7 7. h3 O-O 8. c3
b6 9. Bc2 Bb7 10. Re1 Nbd7 11. d4 Re8 12. Bf4 Bf8 13. Nbd2 Rxe1+ 14. Qxe1 Qe7 15.
Qf1 Re8 16. Qc4 Qd8 17. Bg5 g6 18. Bh4 Qc8 19. Ng5 d5 20. Qf1 Ba6 21. Bd3 Bxd3 22.
Qxd3 Bg7 23. Ngf3 Ne4 24. Re1 Nxd2 25. Rxe8+ Qxe8 26. Nxd2 Qe1+ 27. Nf1 Qa1 28. Qb5
Nf8 29. a4 a6 30. Qxd5 Qxb2 31. Qc6 b5 32. axb5 axb5 33. Bg3 b4 34. cxb4 Qxd4 35.
b5 Be5  1/2-1/2

[Event "Olomouc Chess Summer 2023 - A1"]
[Site "Olomouc (CZE), Hotel Flora"]
[Date "2023.08.14"]
[Round "4"]
[Board "1"]
[White "Natsidis, Christoph"]
[Black "Stinka, Jakub"]
[Result "1/2-1/2"]
[WhiteElo "2342"]
[BlackElo "2298"]
[PlyCount "0"]
[EventDate "2023.08.12"]
[EventRounds "9"]
[EventCountry "CZE"]

1. Nf3 Nf6 2. g3 d5 3. Bg2 c6 4. O-O Bg4 5. c4 e6 6. b3 Nbd7 7. Bb2 Bd6 8. d3 O-O
9. Nbd2 Qe7 10. Qc2 e5 11. h3  1/2-1/2

[Event "Olomouc Chess Summer 2023 - A1"]
[Site "Olomouc (CZE), Hotel Flora"]
[Date "2023.08.14"]
[Round "4"]
[Board "2"]
[White "Frank, Adam"]
[Black "Plat, Vojtech"]
[Result "1/2-1/2"]
[WhiteElo "2344"]
[BlackElo "2486"]
[PlyCount "0"]
[EventDate "2023.08.12"]
[EventRounds "9"]
[EventCountry "CZE"]

1. e4 e5 2. Nf3 d6 3. d4 exd4 4. Nxd4 Nf6 5. Nc3 Be7 6. Be2 O-O 7. O-O Re8 8. f4
Bf8 9. Bf3 c5 10. Nb3 Nc6 11. Re1 c4 12. Nd4 Bd7 13. Be3 a6 14. h3 Rc8 15. a4 Nxd4
16. Bxd4 Bc6 17. a5 Nd7 18. Qd2 Qh4 19. Kh2 Nc5 20. g3 Qh6 21. Qf2 Be7 22. Bxc5 dxc5
23. e5 Rcd8 24. Red1 Bf8 25. Rxd8 Rxd8 26. Rd1 Rd4 27. Bxc6 Rxd1 28. Nxd1 Qxc6 29.
Qe2 Qb5 30. e6 Qxa5 31. exf7+ Kxf7 32. Qxc4+ Ke8 33. Nc3 Qb4 34. Qe6+ Kd8 35. Qf7
Be7 36. Qg8+ Kd7 37. Qxh7 Qxb2 38. Qf5+ Kd8 39. Nd5 Qd4 40. h4 Qf2+  1/2-1/2

[Event "Olomouc Chess Summer 2023 - A1"]
[Site "Olomouc (CZE), Hotel Flora"]
[Date "2023.08.14"]
[Round "4"]
[Board "3"]
[White "Szwed, Jacek"]
[Black "Pap, Gyula"]
[Result "0-1"]
[WhiteElo "2358"]
[BlackElo "2429"]
[PlyCount "0"]
[EventDate "2023.08.12"]
[EventRounds "9"]
[EventCountry "CZE"]

1. e4 e5 2. Nf3 Nc6 3. Nc3 Nf6 4. d4 exd4 5. Nxd4 Bb4 6. Nxc6 bxc6 7. Bd3 d5 8. exd5
Qe7+ 9. Qe2 Qxe2+ 10. Kxe2 cxd5 11. Nb5 Kd7 12. Rd1 Ba6 13. a3 Bc5 14. b4 Rhe8+ 15.
Kf1 c6 16. bxc5 Bxb5 17. c4 dxc4 18. Bxc4+ Kc8 19. Bxb5 cxb5 20. Rb1 a6 21. Bb2 Re6
22. Re1 Rxe1+ 23. Rxe1 Kd7 24. f3 Ne8 25. Bd4 f6 26. Re4 Nc7 27. Ke2 Ne6 28. c6+
Kd6 29. Bf2 Re8 30. Kd2 Kxc6 31. Re1 Rd8+ 32. Kc3 Nf4 33. Bg3 Nd5+ 34. Kb3 a5 35.
Re6+ Kd7 36. Ra6 a4+ 37. Kb2 g5 38. Ra7+ Kc6 39. Rxh7 Re8 40. Kc1 Re2 41. Rh8 b4
42. Rc8+ Kd7 43. Rc5 Ne3 44. axb4 a3 45. Kb1 Rb2+ 46. Kc1 Rxg2 47. Kb1 Rb2+ 48. Kc1
Re2 49. Kb1 Rb2+ 50. Kc1 Rxb4 51. Ra5 Rb3 52. h4 Nc4 53. Ra4 Rxf3 54. hxg5 fxg5 55.
Be1 Rf1 56. Ra7+ Ke6 57. Kd1 Rf3 58. Bb4 Rb3 59. Bf8 g4 60. Ke2 Kd5 61. Rd7+ Ke4
62. Re7+ Kf5 63. Rc7 a2 64. Bg7 Re3+ 65. Kf2 Rf3+ 66. Ke2 Rf4 67. Ra7 g3 68. Rf7+
Kg4 69. Rd7 g2 70. Rd1 Kg3 71. Kd3 Rf1  0-1

[Event "Olomouc Chess Summer 2023 - A1"]
[Site "Olomouc (CZE), Hotel Flora"]
[Date "2023.08.14"]
[Round "4"]
[Board "4"]
[White "Poltorak, Sebastian"]
[Black "Krejci, Jan"]
[Result "1/2-1/2"]
[WhiteElo "2356"]
[BlackElo "2521"]
[PlyCount "0"]
[EventDate "2023.08.12"]
[EventRounds "9"]
[EventCountry "CZE"]

1. d4 Nf6 2. c4 e6 3. Nc3 d5 4. cxd5 exd5 5. Bg5 c6 6. e3 Bf5 7. Qf3 Bg6 8. Bxf6
Qxf6 9. Qxf6 gxf6 10. h4 h5 11. Kd2 Nd7 12. Bd3 Nb6 13. b3 Rg8 14. g3 a5 15. a4 Nc8
16. Nh3 Bb4 17. Rac1 Nd6 18. Kc2 Kf8 19. Nf4 Kg7 20. Kb2 Ne8 21. Be2 Kh6 22. g4 hxg4
23. Bxg4 f5 24. Bf3 Nf6 25. Rcg1 Bh7 26. Nce2 Rxg1 27. Rxg1 Rg8 28. Rh1 Ne4 29. Rh2
Bd6 30. Kc2 b5 31. axb5 cxb5 32. Bxe4 dxe4 33. Rh1 Rc8+ 34. Kb1 a4 35. bxa4 bxa4
36. Ka1 f6 37. Rb1 Rc6 38. d5 Be5+ 39. Ka2 Bg8 40. Rg1 Bxd5+ 41. Nxd5 Rc2+ 42. Ka3
Rxe2 43. Kxa4 Kh5 44. Rf1 Kxh4 45. f4 Bd6 46. Rg1 Bc5 47. Nxf6 Rxe3 48. Rg5 Be7 49.
Rxf5 Bxf6 50. Rxf6 Rf3 51. Kb4 Kg3 52. Kc4 e3 53. Kd3 Kf2 54. Re6 Rh3 55. f5 Rg3
56. Re8 Rg7 57. f6 Rd7+ 58. Ke4 e2  1/2-1/2

[Event "Olomouc Chess Summer 2023 - A1"]
[Site "Olomouc (CZE), Hotel Flora"]
[Date "2023.08.14"]
[Round "4"]
[Board "5"]
[White "Gnojek, Petr"]
[Black "Sorm, Daniel"]
[Result "1-0"]
[WhiteElo "2353"]
[BlackElo "2295"]
[PlyCount "0"]
[EventDate "2023.08.12"]
[EventRounds "9"]
[EventCountry "CZE"]

1. d4 d5 2. c4 dxc4 3. e4 c5 4. d5 Nf6 5. Nc3 b5 6. e5 b4 7. exf6 bxc3 8. bxc3 exf6
9. Bxc4 Bd6 10. Qe2+ Kf8 11. Nf3 h5 12. Be3 Nd7 13. Bb5 Qc7 14. Bc6 Rb8 15. h4 Rb6
16. O-O g6 17. a4 Nb8 18. a5 Ra6 19. Bb5 Rxa5 20. Rxa5 Qxa5 21. Nd2 Bg4 22. Qc4 a6
23. Ba4 Nd7 24. Nb3 Qc7 25. Qxa6 Kg7 26. Qc6 Qxc6 27. dxc6 Nb6 28. Bb5 Nd5 29. Bxc5
Bxc5 30. Nxc5 Nxc3 31. Ba6 Be2 32. Rc1 Bxa6 33. Rxc3 Bc8 34. c7 Re8 35. Re3 Rxe3
36. fxe3 Kf8 37. Na4 Ke7 38. Nb6 Kd6 39. Nxc8+ Kxc7 40. Ne7 Kd6 41. Ng8 f5 42. Kf2
Ke6 43. Kf3 f6 44. Kf4 Kf7 45. Nh6+ Ke6 46. g3 Ke7 47. Nxf5+ gxf5 48. Kxf5  1-0

[Event "Olomouc Chess Summer 2023 - A1"]
[Site "Olomouc (CZE), Hotel Flora"]
[Date "2023.08.15"]
[Round "5"]
[Board "1"]
[White "Sorm, Daniel"]
[Black "Natsidis, Christoph"]
[Result "1-0"]
[WhiteElo "2295"]
[BlackElo "2342"]
[PlyCount "0"]
[EventDate "2023.08.12"]
[EventRounds "9"]
[EventCountry "CZE"]

1. d4 Nf6 2. Nf3 e6 3. e3 d5 4. Bd3 Be7 5. Nbd2 O-O 6. b3 b6 7. Qe2 Bb7 8. Bb2 Nbd7
9. O-O c5 10. Rad1 Qc7 11. Ne5 Nxe5 12. dxe5 Ne4 13. Nb1 f5 14. c4 Rad8 15. f3 Ng5
16. Nc3 Bc6 17. a4 Qb7 18. Nb5 Nf7 19. f4 dxc4 20. Bxc4 Bd5 21. g4 fxg4 22. Bxd5
Rxd5 23. Qxg4 Qd7 24. Rxd5 Qxd5 25. Nc7 Qxb3 26. Nxe6 Qxe3+ 27. Rf2 Qe1+ 28. Kg2
Qe4+ 29. Kh3 g6 30. Nxf8 Nh6 31. Qf3 Qf5+ 32. Kg2 Kxf8 33. h3 Qe6 34. Qa8+ Kf7 35.
Qh8 Bf8 36. Rd2 Bg7 37. Qd8 Bf8 38. Qf6+ Qxf6 39. exf6 Ke8 40. Be5 Nf5 41. Kf3  1-0

[Event "Olomouc Chess Summer 2023 - A1"]
[Site "Olomouc (CZE), Hotel Flora"]
[Date "2023.08.15"]
[Round "5"]
[Board "2"]
[White "Krejci, Jan"]
[Black "Gnojek, Petr"]
[Result "0-1"]
[WhiteElo "2521"]
[BlackElo "2353"]
[PlyCount "0"]
[EventDate "2023.08.12"]
[EventRounds "9"]
[EventCountry "CZE"]

1. d4 f5 2. Nc3 d5 3. Bg5 Nf6 4. Bxf6 exf6 5. e3 Be6 6. Qf3 c6 7. Bd3 g6 8. Nge2
Nd7 9. h3 Qb6 10. O-O-O O-O-O 11. g4 fxg4 12. hxg4 Bg7 13. Nf4 Bg8 14. Rh3 Ne5 15.
Qe2 Nf7 16. Rhh1 Ng5 17. Kb1 Qa5 18. a3 Bf7 19. Na2 Rhe8 20. Rc1 Kb8 21. c4 dxc4
22. Bxc4 Bxc4 23. Rxc4 f5 24. Qc2 Ne4 25. Nb4 c5 26. Rxc5 Nxc5 27. dxc5 Bf8 28. Qb3
Ka8 29. Rxh7 Re7 30. Rxe7 Bxe7 31. Ne6 Rc8 32. gxf5 gxf5 33. Nd3 a6 34. Qd5 Qa4 35.
Ka2 Qe4 36. Qd7 Rh8 37. Nc7+ Ka7 38. c6 Rb8 39. Ne6 Qxc6 40. Qxe7 Qc4+ 41. Ka1 Qxd3
42. Qc5+ b6 43. Qc1 Qd5 44. Nd4 Kb7 45. Qb1 Rh8 46. f3 f4 47. Qg1 Rg8 48. Qf2 Rd8
49. Ne2 Qd1+ 50. Ka2 Qc2  0-1

[Event "Olomouc Chess Summer 2023 - A1"]
[Site "Olomouc (CZE), Hotel Flora"]
[Date "2023.08.15"]
[Round "5"]
[Board "3"]
[White "Pap, Gyula"]
[Black "Poltorak, Sebastian"]
[Result "1/2-1/2"]
[WhiteElo "2429"]
[BlackElo "2356"]
[PlyCount "0"]
[EventDate "2023.08.12"]
[EventRounds "9"]
[EventCountry "CZE"]

1. e4 c6 2. Nf3 d5 3. d3 dxe4 4. dxe4 Qxd1+ 5. Kxd1 Bg4 6. Be2 Nd7 7. Ne1 Bxe2+ 8.
Kxe2 Nc5 9. f3 e5 10. Be3 Nf6 11. a4 Nfd7 12. a5 f6 13. Nd2 Ne6 14. Nd3 Ndc5 15.
Nc1 Kd8 16. b4 Na6 17. c3 Nac7 18. Ndb3 Nb5 19. c4 Nd6 20. Kd3 Kc7 21. Kc3 Be7 22.
Nd3 b5 23. axb6+  1/2-1/2

[Event "Olomouc Chess Summer 2023 - A1"]
[Site "Olomouc (CZE), Hotel Flora"]
[Date "2023.08.15"]
[Round "5"]
[Board "4"]
[White "Plat, Vojtech"]
[Black "Szwed, Jacek"]
[Result "0-1"]
[WhiteElo "2486"]
[BlackElo "2358"]
[PlyCount "0"]
[EventDate "2023.08.12"]
[EventRounds "9"]
[EventCountry "CZE"]

1. d4 Nf6 2. c4 e6 3. Nc3 Bb4 4. Qc2 O-O 5. e4 d5 6. e5 Ne4 7. Bd3 c5 8. Nge2 cxd4
9. Nxd4 Nd7 10. Bf4 Qh4 11. g3 Qh5 12. h4 Nxe5 13. Be2 Ng4 14. Bxg4 Qxg4 15. f3 Qh5
16. g4 Qg6 17. fxe4 e5 18. O-O-O Bxc3 19. Nf5 Bxf5 20. gxf5 Qa6 21. bxc3 exf4 22.
cxd5 Rac8 23. Kb2 Rc5 24. Qd3 Qa4 25. Ka1 Qa3 26. c4 Qxd3 27. Rxd3 Rxc4 28. e5 Re4
29. e6 fxe6 30. fxe6 f3 31. Rdd1 Rd8 32. Rhf1 Re3 33. Rc1 g5 34. hxg5 Rxd5 35. Rc8+
Kg7 36. Rc7+ Kg6 37. Rxb7 Rde5 38. Rf7 Rf5 39. Rxa7 Rxe6 40. Rf2 Re2  0-1